[Event "III - WC Individual Ladies"]
[Site "Malente GER"]
[Date "2004.07.25"]
[Round "1.11"]
[White "Necse M. (ROU)"]
[Black "Rývová A. (CZE)"]
[Result "0-1"]
[WhiteElo "1805"]
[BlackElo "2046"]
[PlyCount "130"]
[EventDate "2004.??.??"]
[EventType "tourn"]
[EventRounds "11"]
[EventCountry "GER"]

1. e4 e5 2. Nc3 Nf6 3. Nf3 Nc6 4. Be2 d6 5. O-O Be7 6. Bc4 O-O 7. d3 Bg4 8. h3
Bh5 9. a3 Nd4 10. Be3 Nxf3+ 11. gxf3 c6 12. d4 Qc7 13. Be2 Bg6 14. d5 c5 15.
Qd2 Ne8 16. Kh2 f5 17. Qe1 f4 18. Bd2 Rf6 19. Rh1 Bh5 20. Qf1 Rh6 21. Kg1 Bf8
22. Rh2 Qf7 23. Kh1 Qf6 24. b4 b6 25. b5 Qh4 26. a4 Nc7 27. Qg2 Be8 28. Rg1 Bd7
29. Qf1 Bxh3 30. Rxh3 Qxh3+ 31. Qxh3 Rxh3+ 32. Kg2 Rh6 33. Kf1 a6 34. bxa6 Nxa6
35. Bxa6 Rxa6 36. Ke2 Rf6 37. Ra1 Rf7 38. Nb5 h5 39. Nc3 Rfa7 40. Kf1 Rb7 41.
Nb5 Kh7 42. Kg2 Kh6 43. Kh3 g5 44. c4 Rg7 45. a5 bxa5 46. Bxa5 Rd7 47. Ra3 Be7
48. Nc3 Rda7 49. Nb5 Rxa5 50. Nxa7 Rxa3 51. Nc6 Bf8 52. Kg2 Ra4 53. Nd8 Rxc4
54. Ne6 Be7 55. Nc7 Rb4 56. Na6 Rb6 57. Nc7 Rb7 58. Na6 Bd8 59. Kh3 Bc7 60. Kg2
Ra7 61. Nxc7 Rxc7 62. Kf1 c4 63. Ke1 c3 64. Kd1 c2+ 65. Kc1 h4 0-1

[Event "III - WC Individual Ladies"]
[Site "Malente GER"]
[Date "2004.07.25"]
[Round "1.11"]
[White "Marcinkevicene E. (LTU)"]
[Black "Mucha A. (GER)"]
[Result "1/2-1/2"]
[WhiteElo "1805"]
[BlackElo "1805"]
[PlyCount "41"]
[EventDate "2004.??.??"]
[EventType "tourn"]
[EventRounds "11"]
[EventCountry "GER"]

1. d4 d5 2. Nf3 c6 3. c4 e6 4. Nc3 f5 5. Bf4 Nf6 6. a3 Be7 7. e3 O-O 8. h3 Ne4
9. Rc1 Nd7 10. Be2 Ndf6 11. O-O Nxc3 12. Rxc3 Ne4 13. Rc2 g5 14. Be5 Bd7 15.
Nh2 f4 16. exf4 gxf4 17. Bh5 Rf5 18. Bg4 Rf8 19. Bh5 Rf5 20. Bg4 Rf8 21. Bh5
1/2-1/2

[Event "III - WC Individual Ladies"]
[Site "Malente GER"]
[Date "2004.07.25"]
[Round "1.11"]
[White "Mironenko N. (UKR)"]
[Black "Gonchar S. (UKR)"]
[Result "1/2-1/2"]
[WhiteElo "1805"]
[BlackElo "1805"]
[PlyCount "131"]
[EventDate "2004.??.??"]
[EventType "tourn"]
[EventRounds "11"]
[EventCountry "GER"]

1. e4 d5 2. exd5 Qxd5 3. Nf3 Bg4 4. Be2 e5 5. Nc3 Qa5 6. O-O Nd7 7. Re1 Bxf3 8.
Bxf3 O-O-O 9. d3 Ne7 10. a3 c6 11. b4 Qc7 12. Be3 Kb8 13. b5 Nf6 14. bxc6 bxc6
15. Rb1+ Kc8 16. Bg4+ Nxg4 17. Qxg4+ f5 18. Qa4 Rd7 19. Bc5 Nd5 20. Nxd5 cxd5
21. Bxf8 Rxf8 22. Rb4 Rf6 23. Reb1 Kd8 24. Rb8+ Ke7 25. R8b7 Qxb7 26. Rxb7 Rxb7
27. g3 h6 28. c4 dxc4 29. Qxc4 Rd6 30. Qc5 Ke6 31. Qc4+ Kf6 32. Qc3 Rbd7 33. f4
Rd4 34. Qc6+ R4d6 35. fxe5+ Kxe5 36. Qc5+ Ke6 37. Qe3+ Kf6 38. Qe8 Rxd3 39.
Qf8+ Kg6 40. Qe8+ Kh7 41. a4 R3d4 42. Qe6 R7d5 43. Qa6 Rd7 44. Qe6 R4d5 45. Kg2
R7d6 46. Qe7 Ra6 47. Qb4 Rda5 48. Qf4 Kg6 49. h4 Rxa4 50. Qe5 R6a5 51. Qe6+ Kh7
52. h5 Rg4 53. Kh3 Rg5 54. Qf7 Ra3 55. Kh2 a5 56. Qe8 Rgxg3 57. Qe7 Rgb3 58.
Qe2 a4 59. Qc2 Rh3+ 60. Kg2 Rxh5 61. Qb2 Rb3 62. Qe2 Rg5+ 63. Kf2 h5 64. Qd2
Rgg3 65. Qe2 g6 66. Qe7+ 1/2-1/2

[Event "III - WC Individual Ladies"]
[Site "Malente GER"]
[Date "2004.07.25"]
[Round "1.11"]
[White "Kazhugukova A. (KAZ)"]
[Black "Nazarova O. (ITA)"]
[Result "0-1"]
[WhiteElo "1805"]
[BlackElo "2049"]
[PlyCount "64"]
[EventDate "2004.??.??"]
[EventType "tourn"]
[EventRounds "11"]
[EventCountry "GER"]

1. e4 e6 2. d4 d5 3. e5 c5 4. c3 cxd4 5. cxd4 Qb6 6. Nf3 Bd7 7. Be2 Bb5 8. Nc3
Bxe2 9. Qxe2 Bb4 10. O-O Bxc3 11. bxc3 Ne7 12. Ba3 Nbc6 13. Rab1 Qc7 14. Bd6
Qd7 15. h3 O-O 16. Qd3 Rfe8 17. Ng5 g6 18. Ba3 Nf5 19. Bc1 Rf8 20. g4 Ng7 21.
Ba3 Rfc8 22. f4 Na5 23. Bc1 Nc4 24. Nf3 Rc7 25. Nh4 Qe7 26. Qg3 f5 27. exf6
Qxf6 28. Kg2 Rac8 29. Nf3 b6 30. Ne1 Nd6 31. Bb2 Ne4 32. Qh2 Nxc3 0-1

[Event "III - WC Individual Ladies"]
[Site "Malente GER"]
[Date "2004.07.25"]
[Round "1.11"]
[White "Gerasimova O. (RUS)"]
[Black "Kedzierawska W. (POL)"]
[Result "1-0"]
[WhiteElo "1805"]
[BlackElo "1805"]
[PlyCount "107"]
[EventDate "2004.??.??"]
[EventType "tourn"]
[EventRounds "11"]
[EventCountry "GER"]

1. e4 e5 2. Nf3 Nc6 3. Bb5 Nge7 4. O-O d6 5. h3 a6 6. Ba4 Be6 7. c3 d5 8. exd5
Qxd5 9. Bb3 Qd6 10. Bxe6 Qxe6 11. Re1 Ng6 12. d4 Qf5 13. dxe5 Ncxe5 14. Nxe5
Nxe5 15. f4 Bc5+ 16. Kh1 Bd6 17. fxe5 Bxe5 18. Qf3 Qxf3 19. Rxe5+ Kf8 20. gxf3
Rd8 21. Nd2 f6 22. Re2 Kf7 23. Kg2 Rd5 24. a4 Rhd8 25. Ra3 Rg5+ 26. Kh2 Rh5 27.
Rb3 b6 28. Rb4 f5 29. Rd4 Rxd4 30. cxd4 Rh6 31. Nc4 Re6 32. Rxe6 Kxe6 33. Bf4
Kd5 34. Ne3+ Kxd4 35. Nxf5+ Kc4 36. Bxc7 g6 37. Ne7 Kb3 38. Bxb6 Kxa4 39. Kg3
Kb3 40. Bd4 Kc4 41. Be5 a5 42. Kg4 Kd3 43. Kg5 Ke3 44. f4 Kf3 45. Kh6 Kg3 46.
Kxh7 Kxh3 47. Kxg6 Kg4 48. f5 Kf3 49. f6 Ke4 50. Bc3 Kd3 51. f7 a4 52. f8=Q a3
53. Qf3+ Kc2 54. bxa3 1-0

[Event "III - WC Individual Ladies"]
[Site "Malente GER"]
[Date "2004.07.25"]
[Round "1.11"]
[White "Bürki S. (SUI)"]
[Black "Artjomova M. (LAT)"]
[Result "0-1"]
[WhiteElo "1805"]
[BlackElo "1805"]
[PlyCount "76"]
[EventDate "2004.??.??"]
[EventType "tourn"]
[EventRounds "11"]
[EventCountry "GER"]

1. e4 c5 2. Nc3 Nc6 3. Bc4 Nf6 4. d3 g6 5. Nf3 d6 6. Be3 Bg7 7. Qd2 O-O 8. Bf4
Bg4 9. Qe3 Bxf3 10. Qxf3 Nd4 11. Qd1 Qd7 12. Nd5 e6 13. Nxf6+ Bxf6 14. O-O d5
15. Bb3 Nxb3 16. axb3 Bxb2 17. Ra2 Bg7 18. Ra5 b6 19. Ra3 Rfd8 20. Re1 Qe7 21.
Qd2 dxe4 22. Bh6 Bxh6 23. Qxh6 exd3 24. Ra2 Qd6 25. Re3 dxc2 26. Re1 Qd1 27.
Qe3 Qxe1+ 28. Qxe1 Rd1 29. Qf1 Rxf1+ 30. Kxf1 c1=Q+ 31. Ke2 Rd8 32. f3 Qd1+ 33.
Kf2 Rd2+ 34. Rxd2 Qxd2+ 35. Kg3 b5 36. Kh3 g5 37. Kg4 Qf4+ 38. Kh3 Qh4# 0-1

[Event "III - WC Individual Ladies"]
[Site "Malente GER"]
[Date "2004.07.25"]
[Round "2.11"]
[White "Rývová A. (CZE)"]
[Black "Artjomova M. (LAT)"]
[Result "1-0"]
[WhiteElo "2046"]
[BlackElo "1805"]
[PlyCount "65"]
[EventDate "2004.??.??"]
[EventType "tourn"]
[EventRounds "11"]
[EventCountry "GER"]

1. e4 c5 2. Nc3 Nc6 3. f4 e6 4. Nf3 Nge7 5. d3 Ng6 6. g3 Be7 7. Bg2 O-O 8. O-O
d6 9. Be3 Rb8 10. Ne2 b6 11. c3 Bb7 12. d4 Qd7 13. dxc5 bxc5 14. Bxc5 Qc7 15.
Bf2 Ba6 16. b3 Bxe2 17. Qxe2 Bf6 18. Rac1 Bd8 19. Rfd1 Qe7 20. Qd3 Bc7 21. Nd4
Nd8 22. Nb5 Bb6 23. Bxb6 axb6 24. Qxd6 Qxd6 25. Rxd6 Ne7 26. Rcd1 f5 27. e5 Nf7
28. Rd7 Rfd8 29. Rxd8+ Rxd8 30. Rxd8+ Nxd8 31. Nd4 Nd5 32. Nxe6 Nxc3 33. Nxd8
1-0

[Event "III - WC Individual Ladies"]
[Site "Malente GER"]
[Date "2004.07.25"]
[Round "2.11"]
[White "Kedzierawska W. (POL)"]
[Black "Bürki S. (SUI)"]
[Result "1-0"]
[WhiteElo "1805"]
[BlackElo "1805"]
[PlyCount "111"]
[EventDate "2004.??.??"]
[EventType "tourn"]
[EventRounds "11"]
[EventCountry "GER"]

1. e4 e5 2. Nf3 d6 3. Nc3 Nf6 4. Bc4 Nc6 5. Bb5 Bd7 6. Bxc6 Bxc6 7. d3 Qd7 8.
h3 O-O-O 9. O-O Qe6 10. Ng5 Qd7 11. b4 d5 12. Ba3 Bd6 13. Qf3 Bf8 14. Rfd1 h6
15. exd5 hxg5 16. dxc6 Qxc6 17. Qxc6 bxc6 18. f3 Rh4 19. Ne2 Rd5 20. Rab1 Rb5
21. c3 c5 22. c4 Rxb4 23. Bxb4 cxb4 24. Kh2 Bd6 25. g3 Rh5 26. Rdc1 a5 27. Kg2
Rh7 28. Ra1 Bc5 29. Rc2 Be3 30. Rd1 Rh6 31. d4 exd4 32. Nxd4 c5 33. Nf5 Rh8 34.
Nxe3 Re8 35. Nd5 Nh5 36. Rcd2 f5 37. g4 fxg4 38. fxg4 Nf4+ 39. Nxf4 gxf4 40.
Rf1 Re4 41. Rfd1 Re3 42. Rd3 f3+ 43. Kf2 Re2+ 44. Kxf3 Rxa2 45. Rd8+ Kc7 46.
R8d7+ Kc8 47. Rxg7 Ra3+ 48. Ke4 Rxh3 49. Rf1 Rh8 50. Ra1 Re8+ 51. Kd5 Rd8+ 52.
Kxc5 Rd4 53. Kxd4 b3 54. Rxa5 Kb8 55. Rb5+ Kc8 56. Rxb3 1-0

[Event "III - WC Individual Ladies"]
[Site "Malente GER"]
[Date "2004.07.25"]
[Round "2.11"]
[White "Nazarova O. (ITA)"]
[Black "Gerasimova O. (RUS)"]
[Result "0-1"]
[WhiteElo "2049"]
[BlackElo "1805"]
[PlyCount "52"]
[EventDate "2004.??.??"]
[EventType "tourn"]
[EventRounds "11"]
[EventCountry "GER"]

1. d4 d5 2. c4 c6 3. Nc3 e6 4. Nf3 Nd7 5. e3 Ngf6 6. Bd3 a6 7. O-O Bd6 8. Re1
O-O 9. Qc2 h6 10. Bd2 b6 11. Rac1 Bb7 12. a3 c5 13. cxd5 exd5 14. dxc5 bxc5 15.
Na4 Ne4 16. Red1 Ndf6 17. h3 Re8 18. Nh2 Bxh2+ 19. Kxh2 Nxf2 20. Rf1 Qd6+ 21.
g3 Nxd3 22. Qxd3 Ne4 23. Be1 a5 24. Rf3 Qc6 25. b3 Ng5 26. Rxc5 Nxf3+ 0-1

[Event "III - WC Individual Ladies"]
[Site "Malente GER"]
[Date "2004.07.25"]
[Round "2.11"]
[White "Gonchar S. (UKR)"]
[Black "Kazhugukova A. (KAZ)"]
[Result "0-1"]
[WhiteElo "1805"]
[BlackElo "1805"]
[PlyCount "104"]
[EventDate "2004.??.??"]
[EventType "tourn"]
[EventRounds "11"]
[EventCountry "GER"]

1. d4 d5 2. c4 dxc4 3. Nc3 Nf6 4. Bg5 e6 5. e3 Be7 6. Bxc4 c6 7. Nf3 Nbd7 8.
O-O Nb6 9. Bd3 Nfd5 10. Bxe7 Qxe7 11. Rc1 O-O 12. Bb1 g6 13. e4 Nf4 14. Qd2 Nh5
15. b3 Nd7 16. e5 b6 17. Ne4 Ba6 18. Rfe1 Rac8 19. g4 Ng7 20. Qh6 f6 21. exf6
Nxf6 22. Neg5 c5 23. d5 Bb7 24. Be4 Qd6 25. dxe6 Bxe4 26. Rxe4 Rce8 27. Rce1
Re7 28. a3 Qc7 29. R4e3 Nge8 30. Nf7 Nd6 31. N3g5 Nxf7 32. exf7+ Rexf7 33. Nxf7
Qxf7 34. Re7 Nxg4 35. Rxf7 Nxh6 36. Rxf8+ Kxf8 37. Kg2 Kf7 38. Kf3 Nf5 39. Kf4
Kf6 40. f3 h6 41. Re8 g5+ 42. Kg4 h5+ 43. Kxh5 Ng7+ 44. Kg4 Nxe8 45. f4 gxf4
46. Kxf4 Ng7 47. Ke4 Ke6 48. h4 Kd6 49. h5 Nxh5 50. a4 Nf6+ 51. Kf5 Nd5 52. Ke4
Nb4 {und Schwarz gewann in 65 Zügen} 0-1

[Event "III - WC Individual Ladies"]
[Site "Malente GER"]
[Date "2004.07.26"]
[Round "2.11"]
[White "Mucha A. (GER)"]
[Black "Mironenko N. (UKR)"]
[Result "1/2-1/2"]
[WhiteElo "1805"]
[BlackElo "1805"]
[PlyCount "61"]
[EventDate "2004.??.??"]
[EventType "tourn"]
[EventRounds "11"]
[EventCountry "GER"]

1. Nc3 e5 2. Nf3 Nc6 3. d4 exd4 4. Nxd4 Be7 5. g3 Bf6 6. Be3 Nge7 7. Bg2 a6 8.
Qd2 O-O 9. Ne4 Bxd4 10. Bxd4 Nxd4 11. Qxd4 Nc6 12. Qd5 d6 13. c3 Qe7 14. O-O
Be6 15. Qh5 Rae8 16. Rfe1 h6 17. f4 f5 18. Nf2 Qf6 19. e4 fxe4 20. Rxe4 Bf7 21.
Qe2 Rxe4 22. Nxe4 Qf5 23. Qd2 Re8 24. Re1 Kh8 25. b3 Bg6 26. c4 Kg8 27. Kf2 Ne5
28. Kg1 Nc6 29. Kf2 Ne5 30. Kg1 Nc6 31. Kf2 1/2-1/2

[Event "III - WC Individual Ladies"]
[Site "Malente GER"]
[Date "2004.07.25"]
[Round "2.11"]
[White "Necse M. (ROU)"]
[Black "Marcinkevicene E. (LTU)"]
[Result "0-1"]
[WhiteElo "1805"]
[BlackElo "1805"]
[PlyCount "69"]
[EventDate "2004.??.??"]
[EventType "tourn"]
[EventRounds "11"]
[EventCountry "GER"]

1. e4 c5 2. d3 Nc6 3. Nf3 d6 4. Nc3 Nf6 5. h3 e6 6. a3 Be7 7. Be2 O-O 8. b3 a6
9. O-O b5 10. Na2 e5 11. Bb2 Be6 12. Nh2 a5 13. a4 b4 14. c3 Ne8 15. cxb4 cxb4
16. f4 Qb6+ 17. Kh1 Nd4 18. Bxd4 Qxd4 19. Nf3 Qe3 20. fxe5 dxe5 21. Nxe5 Bd6
22. Ng4 Bxg4 23. Bxg4 Qg3 24. Kg1 Bc5+ 25. Kh1 Bd4 26. Rb1 Nf6 27. Qf3 Qxf3 28.
Rxf3 Nxg4 29. hxg4 Rac8 30. Nc1 Rc2 31. Rf1 Rfc8 32. Re1 R8c6 33. Kh2 Be5+ 34.
Kh1 Rh6+ 35. Kg1 0-1

[Event "III - WC Individual Ladies"]
[Site "Malente GER"]
[Date "2004.07.26"]
[Round "3.11"]
[White "Marcinkevicene E. (LTU)"]
[Black "Rývová A. (CZE)"]
[Result "1/2-1/2"]
[WhiteElo "1805"]
[BlackElo "2050"]
[PlyCount "138"]
[EventDate "2004.??.??"]
[EventType "tourn"]
[EventRounds "11"]
[EventCountry "GER"]

1. d4 e6 2. Nf3 f5 3. g3 Nf6 4. Bg2 g6 5. O-O Bg7 6. b3 O-O 7. Bb2 d6 8. c4 Re8
9. Nbd2 Nc6 10. Rc1 e5 11. dxe5 dxe5 12. Nb1 e4 13. Nd4 Nxd4 14. Qxd4 Be6 15.
Qxd8 Raxd8 16. Rfd1 Kf7 17. e3 Ng4 18. Bxg7 Kxg7 19. Nc3 c6 20. Rxd8 Rxd8 21.
Rd1 Rxd1+ 22. Nxd1 Ne5 23. Nc3 Nd3 24. Kf1 Kf6 25. f4 exf3 26. Bxf3 Ne5 27. Be2
g5 28. Na4 Nd7 29. Kf2 Ke5 30. Bd3 h6 31. Bc2 b6 32. Nc3 Nf6 33. Bd1 Bd7 34.
Bf3 c5 35. Ke2 f4 36. exf4+ gxf4 37. gxf4+ Kxf4 38. Kf2 Ng4+ 39. Bxg4 Bxg4 40.
Kg2 Be6 41. Kg1 Kf3 42. Nd5 Ke4 43. Ne7 Bd7 44. Ng8 Kf4 45. Nxh6 Be8 46. Ng8
Bg6 47. Ne7 Bb1 48. a3 Ba2 49. b4 cxb4 50. axb4 Bxc4 51. Nc8 Be6 52. Nxa7 Bd7
53. Kf2 b5 54. Kg2 Kg4 55. Kf2 Kf4 56. Ke2 Kg4 57. Ke3 Kh3 58. Kd4 Kxh2 59. Kc5
Kg3 60. Nxb5 Kf4 61. Nc7 Ke5 62. Na8 Ba4 63. Nb6 Be8 64. Nc4+ Ke6 65. Nd6 Ba4
66. Nb5 Kd7 67. Kb6 Kc8 68. Ka5 Bxb5 69. Kxb5 Kb7 1/2-1/2

[Event "III - WC Individual Ladies"]
[Site "Malente GER"]
[Date "2004.07.26"]
[Round "3.11"]
[White "Mironenko N. (UKR)"]
[Black "Necse M. (ROU)"]
[Result "1-0"]
[WhiteElo "1805"]
[BlackElo "1805"]
[PlyCount "119"]
[EventDate "2004.??.??"]
[EventType "tourn"]
[EventRounds "11"]
[EventCountry "GER"]

1. e4 d6 2. d4 Nf6 3. Nc3 e5 4. Nf3 Be7 5. dxe5 dxe5 6. Qxd8+ Bxd8 7. Nxe5 O-O
8. Bc4 Be6 9. Bxe6 fxe6 10. O-O Nbd7 11. Nxd7 Nxd7 12. f3 c6 13. Be3 Bb6 14.
Bxb6 Nxb6 15. b3 Rad8 16. Rad1 h6 17. Kf2 Nd7 18. Ke3 Nf6 19. Ne2 Kh7 20. Nf4
Rde8 21. c4 e5 22. Nd3 Nh5 23. Rd2 Nf6 24. Rfd1 g5 25. Nc5 b6 26. Nd7 Rf7 27.
Nxf6+ Rxf6 28. Rd7+ Kg6 29. Rxa7 Kh5 30. Rad7 g4 31. R7d6 Ref8 32. Rxf6 Rxf6
33. fxg4+ Kxg4 34. Rd2 h5 35. Re2 h4 36. b4 h3 37. gxh3+ Kxh3 38. a4 Kh4 39. c5
b5 40. axb5 cxb5 41. Ra2 Kh3 42. Rc2 Kg4 43. c6 Rf3+ 44. Ke2 Rf8 45. c7 Rc8 46.
Rc5 Kf4 47. Kd3 Kf3 48. h4 Kg4 49. h5 Kxh5 50. Rxe5+ Kg6 51. Rc5 Kf6 52. Kd4
Ke6 53. e5 Kd7 54. Kd5 Rxc7 55. Rxc7+ Kxc7 56. Kc5 Kd7 57. Kxb5 Ke6 58. Kc6
Kxe5 59. b5 Ke6 60. b6 1-0

[Event "III - WC Individual Ladies"]
[Site "Malente GER"]
[Date "2004.07.26"]
[Round "3.11"]
[White "Kazhugukova A. (KAZ)"]
[Black "Mucha A. (GER)"]
[Result "0-1"]
[WhiteElo "1805"]
[BlackElo "1805"]
[PlyCount "68"]
[EventDate "2004.??.??"]
[EventType "tourn"]
[EventRounds "11"]
[EventCountry "GER"]

1. e4 c5 2. Nc3 Nc6 3. Bc4 g6 4. d3 Bg7 5. Bd2 e6 6. Nf3 Nge7 7. O-O O-O 8. Rb1
d5 9. exd5 exd5 10. Bb3 a6 11. a3 b5 12. Bg5 Be6 13. Re1 Qc7 14. Qe2 c4 15.
dxc4 dxc4 16. Ba2 Nf5 17. Ne4 Nfd4 18. Nxd4 Nxd4 19. Qd1 Qb6 20. Be7 Rfc8 21.
Bf6 Bf5 22. Bxg7 Kxg7 23. Rc1 Re8 24. Ng3 Rxe1+ 25. Qxe1 Bxc2 26. Rxc2 Nxc2 27.
Qc3+ Nd4 28. b3 cxb3 29. Bxb3 Rd8 30. Kf1 f6 31. Bd1 Ne6 32. Bf3 Qc5 33. Qb2
Qc4+ 34. Be2 Rd1# 0-1

[Event "III - WC Individual Ladies"]
[Site "Malente GER"]
[Date "2004.07.26"]
[Round "3.11"]
[White "Gerasimova O. (RUS)"]
[Black "Gonchar S. (UKR)"]
[Result "1-0"]
[WhiteElo "1805"]
[BlackElo "1805"]
[PlyCount "69"]
[EventDate "2004.??.??"]
[EventType "tourn"]
[EventRounds "11"]
[EventCountry "GER"]

1. e4 d5 2. exd5 Nf6 3. d4 Qxd5 4. Nc3 Qa5 5. Bc4 c6 6. Nge2 Bg4 7. O-O e6 8.
f3 Bf5 9. Ng3 Bd6 10. Nce4 Nxe4 11. fxe4 Bg6 12. e5 Be7 13. c3 Nd7 14. Nh5
O-O-O 15. Qe2 Rhg8 16. Nf4 Rgf8 17. b4 Qa4 18. Bb3 Qb5 19. Qxb5 cxb5 20. Nxg6
hxg6 21. Be3 a6 22. Rf2 Nb6 23. Rxf7 Rxf7 24. Bxe6+ Kc7 25. Bxf7 Nd5 26. Bd2 g5
27. Rf1 Kc6 28. Bxd5+ Kxd5 29. Rf7 Ke6 30. Rxg7 Rc8 31. d5+ Kxd5 32. Rxe7 b6
33. Rg7 Kxe5 34. Rxg5+ Kf6 35. Rh5 1-0

[Event "III - WC Individual Ladies"]
[Site "Malente GER"]
[Date "2004.07.26"]
[Round "3.11"]
[White "Bürki S. (SUI)"]
[Black "Nazarova O. (ITA)"]
[Result "0-1"]
[WhiteElo "1805"]
[BlackElo "2049"]
[PlyCount "52"]
[EventDate "2004.??.??"]
[EventType "tourn"]
[EventRounds "11"]
[EventCountry "GER"]

1. e4 d6 2. Nc3 Nf6 3. Bc4 g6 4. Nf3 Bg7 5. d3 O-O 6. O-O c5 7. Qe2 Nc6 8. Qe3
Qc7 9. Rd1 Bg4 10. Rd2 Bxf3 11. Qxf3 Bh6 12. b3 Nd4 13. Qh3 Bxd2 14. Bxd2 Nxc2
15. Rc1 Nd4 16. Rd1 a6 17. Bf4 Qa5 18. Na4 Ne2+ 19. Kf1 Nxf4 20. Qf3 Ne6 21.
Qe3 Rad8 22. d4 cxd4 23. Rxd4 Nxd4 24. Qxd4 b5 25. Nc3 bxc4 26. Qxc4 Rc8 0-1

[Event "III - WC Individual Ladies"]
[Site "Malente GER"]
[Date "2004.07.26"]
[Round "3.11"]
[White "Artjomova M. (LAT)"]
[Black "Kedzierawska W. (POL)"]
[Result "1-0"]
[WhiteElo "1805"]
[BlackElo "1805"]
[PlyCount "78"]
[EventDate "2004.??.??"]
[EventType "tourn"]
[EventRounds "11"]
[EventCountry "GER"]

1. d4 d5 2. Nf3 Nc6 3. Nc3 Nf6 4. g3 a6 5. Bg2 Bf5 6. O-O e6 7. Bg5 Nb4 8. Rc1
Qd6 9. Bxf6 gxf6 10. a3 Nc6 11. Nh4 Ne7 12. Nxf5 Nxf5 13. e3 O-O-O 14. Qd3 Ne7
15. Na2 Qb6 16. b4 e5 17. c4 e4 18. Qc2 Qe6 19. cxd5 Qd6 20. Bxe4 f5 21. Bxf5+
Nxf5 22. Qxf5+ Qd7 23. Qxd7+ Rxd7 24. e4 f6 25. Nc3 Bh6 26. Rcd1 Re8 27. f4 Bf8
28. e5 f5 29. Rfe1 h5 30. e6 Rh7 31. Re5 h4 32. Rxf5 hxg3 33. hxg3 Bd6 34. Ne4
Be7 35. Rc1 b6 36. d6 Bxd6 37. Nxd6+ Kd8 38. Nxe8 Kxe8 39. d5 Ke7 1-0

[Event "III - WC Individual Ladies"]
[Site "Malente GER"]
[Date "2004.07.27"]
[Round "4.11"]
[White "Rývová A. (CZE)"]
[Black "Kedzierawska W. (POL)"]
[Result "1-0"]
[WhiteElo "2046"]
[BlackElo "1805"]
[PlyCount "71"]
[EventDate "2004.??.??"]
[EventType "tourn"]
[EventRounds "11"]
[EventCountry "GER"]

1. e4 e5 2. Nf3 Nc6 3. Bb5 d6 4. d3 Bd7 5. c3 Nf6 6. O-O h6 7. Re1 Be7 8. d4
O-O 9. Nbd2 a6 10. Bxc6 Bxc6 11. dxe5 dxe5 12. Nxe5 Bd6 13. Nxc6 bxc6 14. e5
Bxe5 15. Rxe5 Qd7 16. Qc2 Rae8 17. Rxe8 Rxe8 18. Nf3 c5 19. Bf4 Re4 20. Bg3 g5
21. Be5 Rxe5 22. Nxe5 Qe6 23. Nd3 Qd6 24. Qe2 h5 25. Qe5 Qxe5 26. Nxe5 Ne4 27.
Rd1 Kg7 28. Rd7 Kf6 29. Nxf7 c6 30. Nd6 Nd2 31. Ne8+ Kf5 32. Rxd2 Kf4 33. g3+
Kf3 34. Nf6 h4 35. Kf1 c4 36. Re2 1-0

[Event "III - WC Individual Ladies"]
[Site "Malente GER"]
[Date "2004.07.27"]
[Round "4.11"]
[White "Nazarova O. (ITA)"]
[Black "Artjomova M. (LAT)"]
[Result "1-0"]
[WhiteElo "2049"]
[BlackElo "1805"]
[PlyCount "48"]
[EventDate "2004.??.??"]
[EventType "tourn"]
[EventRounds "11"]
[EventCountry "GER"]

1. d4 g6 2. c4 Nf6 3. Nc3 Bg7 4. Nf3 O-O 5. e4 d6 6. Be2 Nbd7 7. O-O c6 8. Bg5
Qc7 9. Qd2 Re8 10. Bh6 Bh8 11. Nh4 e5 12. dxe5 Nxe5 13. h3 Be6 14. b3 Red8 15.
f4 Ned7 16. f5 Bxf5 17. exf5 d5 18. cxd5 cxd5 19. Nxd5 Nxd5 20. Qxd5 Qb6+ 21.
Kh1 Nf6 22. Qf3 Qd4 23. Bg5 Bg7 24. fxg6 hxg6 1-0

[Event "III - WC Individual Ladies"]
[Site "Malente GER"]
[Date "2004.07.27"]
[Round "4.11"]
[White "Gonchar S. (UKR)"]
[Black "Bürki S. (SUI)"]
[Result "1-0"]
[WhiteElo "1805"]
[BlackElo "1805"]
[PlyCount "61"]
[EventDate "2004.??.??"]
[EventType "tourn"]
[EventRounds "11"]
[EventCountry "GER"]

1. d4 e6 2. c4 Nc6 3. d5 Ne5 4. e4 d6 5. Nc3 Bd7 6. Nf3 Qf6 7. Be2 O-O-O 8. O-O
Nh6 9. h3 Be7 10. Be3 Kb8 11. Kh1 Qg6 12. Nd4 Bf6 13. Bh5 Qxh5 14. Qxh5 a6 15.
Qe2 Rhg8 16. b4 g5 17. dxe6 fxe6 18. Rab1 g4 19. Bxh6 gxh3 20. gxh3 Rg6 21. Be3
Rdg8 22. Rg1 Rf8 23. Rxg6 hxg6 24. f4 Rh8 25. Kg2 d5 26. fxe5 Bxe5 27. b5 Ka7
28. Nc6+ Ka8 29. Nxe5 Be8 30. bxa6 bxa6 31. Qb2 1-0

[Event "III - WC Individual Ladies"]
[Site "Malente GER"]
[Date "2004.07.27"]
[Round "4.11"]
[White "Mucha A. (GER)"]
[Black "Gerasimova O. (RUS)"]
[Result "0-1"]
[WhiteElo "1805"]
[BlackElo "1805"]
[PlyCount "80"]
[EventDate "2004.??.??"]
[EventType "tourn"]
[EventRounds "11"]
[EventCountry "GER"]

1. d4 d5 2. e3 Nf6 3. Bd3 e6 4. c3 Bd6 5. Nd2 Nbd7 6. f4 b6 7. Ngf3 Bb7 8. O-O
Ne4 9. Ne5 O-O 10. Ndf3 f6 11. Nxd7 Qxd7 12. Bd2 c5 13. Qe1 c4 14. Bc2 b5 15.
Qh4 a5 16. a3 g6 17. g4 Rae8 18. Kh1 e5 19. f5 g5 20. Qe1 exd4 21. Nxd4 Rf7 22.
Kg1 Qc7 23. Nxb5 Bxh2+ 24. Kg2 Qb8 25. Rf3 d4 26. Bxe4 Bxe4 27. Nxd4 Bxf3+ 28.
Nxf3 Bd6 29. Rb1 Qb7 30. Qf1 Re4 31. Kf2 Rxg4 32. Qd1 Qe4 33. b4 Bg3+ 34. Kg2
Be1+ 35. Kf1 Bxd2 36. b5 Qxe3 37. b6 Qd3+ 38. Kf2 Be3+ 39. Ke1 Qxd1+ 40. Kxd1
Rb7 0-1

[Event "III - WC Individual Ladies"]
[Site "Malente GER"]
[Date "2004.07.27"]
[Round "4.11"]
[White "Necse M. (ROU)"]
[Black "Kazhugukova A. (KAZ)"]
[Result "0-1"]
[WhiteElo "1805"]
[BlackElo "1805"]
[PlyCount "88"]
[EventDate "2004.??.??"]
[EventType "tourn"]
[EventRounds "11"]
[EventCountry "GER"]

1. e4 e6 2. Nc3 Nc6 3. d4 d5 4. e5 Bd7 5. Nf3 h6 6. Be2 Na5 7. O-O c5 8. dxc5
Bxc5 9. Rb1 Rc8 10. Qd2 a6 11. a3 Nc6 12. b4 Ba7 13. Nd1 Qc7 14. Bb2 Nge7 15.
b5 axb5 16. Bxb5 Ng6 17. Bxc6 Bxc6 18. Rc1 O-O 19. Re1 Rcd8 20. c3 Bb8 21. Qd4
Ne7 22. c4 Nf5 23. Qd3 dxc4 24. Qxc4 Qa5 25. Qc3 Qc7 26. h3 Rd7 27. Ne3 Nxe3
28. Rxe3 Qd8 29. Ree1 Rd3 30. Qc2 Bxf3 31. Re3 Rxe3 32. fxe3 Bc6 33. Bd4 Qg5
34. Bc5 Rd8 35. Bd4 Bxe5 36. Bxe5 Qxe3+ 37. Kh1 Qxe5 38. Rg1 Qe3 39. Kh2 Qxa3
40. Rd1 Rxd1 41. Qxd1 Bd5 42. Qc2 Qa2 43. Qxa2 Bxa2 44. g3 b5 0-1

[Event "III - WC Individual Ladies"]
[Site "Malente GER"]
[Date "2004.07.27"]
[Round "4.11"]
[White "Marcinkevicene E. (LTU)"]
[Black "Mironenko N. (UKR)"]
[Result "0-1"]
[WhiteElo "1805"]
[BlackElo "1805"]
[PlyCount "82"]
[EventDate "2004.??.??"]
[EventType "tourn"]
[EventRounds "11"]
[EventCountry "GER"]

1. d4 d5 2. Nf3 Nf6 3. c4 e6 4. Nc3 c5 5. Bg5 Be7 6. e3 Nc6 7. cxd5 cxd4 8.
Nxd4 Nxd5 9. Bxe7 Ndxe7 10. Nxc6 Qxd1+ 11. Rxd1 Nxc6 12. Bb5 O-O 13. Bxc6 bxc6
14. O-O Ba6 15. Rfe1 Rfd8 16. Rxd8+ Rxd8 17. Rd1 Rxd1+ 18. Nxd1 Kf8 19. b4 Bb5
20. a3 Ke7 21. f4 Kd6 22. Nc3 Bd3 23. Kf2 f5 24. Kf3 e5 25. e4 fxe4+ 26. Nxe4+
Bxe4+ 27. Kxe4 exf4 28. Kxf4 Kd5 29. Kf5 Kc4 30. g4 Kb3 31. h4 Kxa3 32. g5 Kxb4
33. h5 a5 34. h6 gxh6 35. gxh6 a4 36. Kf6 a3 37. Kg7 a2 38. Kxh7 a1=Q 39. Kg8
c5 40. h7 c4 41. h8=Q Qxh8+ 0-1